LIBRARY & INFORMATION CENTRE, KCAET, TAVANUR

ONLINE PUBLIC ACCESS CATALOGUE (OPAC)

Normal view MARC view
  • Kales, Paul

Entry Personal Name

Number of records used in: 1

001 - CONTROL NUMBER

  • control field: 5832

003 - CONTROL NUMBER IDENTIFIER

  • control field: OSt

005 - DATE AND TIME OF LATEST TRANSACTION

  • control field: 20240213143829.0

008 - FIXED-LENGTH DATA ELEMENTS

  • fixed length control field: 240213|| aca||aabn | a|a d

040 ## - CATALOGING SOURCE

  • Original cataloging agency: OSt
  • Transcribing agency: OSt

100 ## - HEADING--PERSONAL NAME

  • Personal name: Kales, Paul

670 ## - SOURCE DATA FOUND

  • Source citation: Work cat.: (OSt)2994: Kales, Paul ., Reliability for technology engineering and management / , 1998.
free website counter